De las rastrirrañas y las miñocorras : (Registro nro. 12511)

Detalles MARC
000 -LEADER
fixed length control field 00760cam a2200253 a 4500
001 - CONTROL NUMBER
control field
003 - CONTROL NUMBER IDENTIFIER
control field DO-SdBNP
005 - DATE AND TIME OF LATEST TRANSACTION
control field 20170118105628.0
008 - FIXED-LENGTH DATA ELEMENTS--GENERAL INFORMATION
fixed length control field 970505s1992 cu a j 000 1 spa
010 ## - LIBRARY OF CONGRESS CONTROL NUMBER
LC control number
020 ## - INTERNATIONAL STANDARD BOOK NUMBER
International Standard Book Number 9590800106
035 ## - SYSTEM CONTROL NUMBER
System control number (OCoLC)
040 ## - CATALOGING SOURCE
Original cataloging agency BPMSU
Language of cataloging spa
Transcribing agency BPMSU
050 00 - LIBRARY OF CONGRESS CALL NUMBER
Classification number
Item number
100 1# - MAIN ENTRY--PERSONAL NAME
Personal name Vian, Enid,
Dates associated with a name 1948-
245 10 - TITLE STATEMENT
Title De las rastrirrañas y las miñocorras :
Remainder of title dialoguifábulas /
Statement of responsibility, etc. Enid Vian ; ilustraciones Gloria Lorenzo
260 ## - PUBLICATION, DISTRIBUTION, ETC. (IMPRINT)
Place of publication, distribution, etc. Ciudad de La Habana :
Name of publisher, distributor, etc. Editorial Gente Nueva,
Date of publication, distribution, etc. 1992.
300 ## - PHYSICAL DESCRIPTION
Extent 59 p. :
Other physical details ils. ;
Dimensions 24 cm.
490 1# - SERIES STATEMENT
Series statement Biblioteca escolar
700 ## - ADDED ENTRY--PERSONAL NAME
Personal name Lorenzo, Gloria
Relator term ils.
830 #0 - SERIES ADDED ENTRY--UNIFORM TITLE
Uniform title Biblioteca escolar (Havana, Cuba)
942 ## - ADDED ENTRY ELEMENTS (KOHA)
Source of classification or shelving scheme Dewey Decimal Classification
Koha item type Libros
956 ## - LOCAL ELECTRONIC LOCATION AND ACCESS (OCLC)
Host name VMATEO
Access number 10
Compression information 20170118
Path BPMSU
Electronic name 0069
Existencias
Withdrawn status Lost status Source of classification or shelving scheme Damaged status Not for loan Collection code Home library Current library Date acquired Source of acquisition Total Checkouts Barcode Date last seen Price effective from Koha item type
    Dewey Decimal Classification     Colección General Biblioteca Pública Metropolitana Salomé Ureña Biblioteca Pública Metropolitana Salomé Ureña 01/18/2017 Compra   BPMET17010725 01/18/2017 01/18/2017 Libros